000 00881nam a22002417a 4500
999 _c1018
_d1018
005 20200313104517.0
008 200313b ||||| |||| 00| 0 eng d
020 _a9781984815767
040 _cKH8
082 _aFIC LU
100 _aLu, Marie
_eauthor
245 _aWarcross /
_cMarie Lu
260 _aNew York :
_bPenguin Books,
_c2019. ©2017.
300 _a353 pages ;
_c19 cm.
500 _aSequel: Wildcard
520 _aWhen teenage coder Emika Chen hacks her way into the opening tournament of the Warcross Championships, she glitches herself into the game as well as a sinister plot with major consequences for the entire Warcross empire.
650 _aSpy stories.
650 _aInternet games
_vJuvenile fiction.
650 _aComputer crimes
_vJuvenile fiction.
650 _aHackers
_vJuvenile fiction.
650 _aYoung adult fiction.
942 _2ddc
_cFIC